000 00560nam a2200181Ia 4500
008 090124s9999 xx 000 0 und d
082 _b100773
100 _aफाटक ग. कृ.
245 _a आर्य धर्माचा जयजयकार
250 _a1
260 _c1927
300 _a72
600 _aफाटक ग. कृ.
630 _a आर्य धर्माचा जयजयकार
700 _aफाटक ग. कृ.
730 _a आर्य धर्माचा जयजयकार
942 _cBOOK
999 _c146865
_d146865